Khu dự trữ sinh quyển rừng ngập mặn Cần Giờ = Can Gio mangrove biosphere reserve

Sách giới thiệu quá trình phục hồi và phát triển cũng như sự phong phú đa dạng về thành phần loài động, thực vật hiện nay.

Shranjeno v:
Bibliografske podrobnosti
Format: Knjiga
Jezik:Undetermined
Izdano: Thành phố Hồ Chí Minh Nông Nghiệp 2002
Teme:
Oznake: Označite
Brez oznak, prvi označite!
Thư viện lưu trữ: Trung tâm Học liệu Trường Đại học Cần Thơ
LEADER 00816nam a2200193Ia 4500
001 CTU_54952
008 210402s9999 xx 000 0 und d
082 |a 577.3 
082 |b Kh500 
245 0 |a Khu dự trữ sinh quyển rừng ngập mặn Cần Giờ = 
245 0 |b Can Gio mangrove biosphere reserve 
245 0 |c Lê Đức Tuấn ... [et al.] 
260 |a Thành phố Hồ Chí Minh 
260 |b Nông Nghiệp 
260 |c 2002 
520 |a Sách giới thiệu quá trình phục hồi và phát triển cũng như sự phong phú đa dạng về thành phần loài động, thực vật hiện nay. 
650 |a Forest ecology,Mangrove swamps 
904 |i Trọng Hải 
980 |a Trung tâm Học liệu Trường Đại học Cần Thơ